<?xml version="1.0" encoding="UTF-8"?>
<collection xmlns="http://www.loc.gov/MARC21/slim">
<record>
  <controlfield tag="001">1915</controlfield>
  <controlfield tag="005">20160701171655.0</controlfield>
  <datafield tag="037" ind1=" " ind2=" ">
    <subfield code="a">ASTROimport-72</subfield>
  </datafield>
  <datafield tag="100" ind1=" " ind2=" ">
    <subfield code="a">Lampens, P.</subfield>
  </datafield>
  <datafield tag="260" ind1=" " ind2=" ">
    <subfield code="c">1990</subfield>
  </datafield>
  <datafield tag="245" ind1=" " ind2=" ">
    <subfield code="a">Study of Delta Scuti stars in the Geneva photometric system. I - New photometric data and period analysis for nine stars</subfield>
  </datafield>
  <datafield tag="520" ind1=" " ind2=" ">
    <subfield code="a">Results are presented of the period analyses for nine Delta Scuti stars, of which six are new short-period variable stars. For some of these stars, extensive data sets covering time bases of the order of two years or more were obtained. The results from year to year are consistent with the multiperiodic solution derived from the combined data for those stars with the largest data sets. In some cases of less frequently observed stars, the results are not always compatible with one another. It is suggested that, generally, this is due to insufficient data sampling or too narrow time bases. The fact that many unevolved or slightly evolved Delta Scuti stars are multiperiodic with very small amplitudes of a couple of hundredths of a magnitude is confirmed. </subfield>
  </datafield>
  <datafield tag="700" ind1=" " ind2=" ">
    <subfield code="a"> Rufener, F.</subfield>
  </datafield>
  <datafield tag="773" ind1=" " ind2=" ">
    <subfield code="p">Astronomy and Astrophysics Supplement Series</subfield>
    <subfield code="v">83</subfield>
    <subfield code="y">1990</subfield>
    <subfield code="c">145-182</subfield>
  </datafield>
  <datafield tag="856" ind1="4" ind2="2">
    <subfield code="a">http://esoads.eso.org/abs/1990A%26AS...83..145L</subfield>
  </datafield>
  <datafield tag="905" ind1=" " ind2=" ">
    <subfield code="a">published in</subfield>
  </datafield>
  <datafield tag="980" ind1=" " ind2=" ">
    <subfield code="a">REFERD</subfield>
  </datafield>
</record>
</collection>